20 Secondes pour nommer les 10 plus grande ville française - Statistiques

Statistiques générales
  • Ce quiz a été pris 50 fois
  • Le résultat moyen est 7 sur 10
Statistiques - réponses
Classement Villes Population (en 1000) % Correct
2e Marseille 878
100%
1er Paris 2 175
100%
3e Lyon 587
96%
10e Lille 237
87%
9e Bordeaux 264
72%
4e Toulouse 502
67%
6e Nantes 325
61%
5e Nice 333
61%
8e Strasbourg 287
54%
7e Montpellier 302
43%
Aucun quiz correspondant
Distribution des résultats
% des personnes avec chaque résultat
Percentile par nombre de réponses
Votre historique - résultats
Vous n’avez pas pris ce quiz